| 000 | 00719nam a2200229Ii 4500 | ||
|---|---|---|---|
| 003 | JO-AjNU | ||
| 008 | 230605s9999||||xx |||||||||||||| ||und|| | ||
| 017 | _a2001/7/1464 | ||
| 020 | _a9957-09-071-2 | ||
| 040 |
_aJO-AjNU _bara _erda _cJO-AjNU |
||
| 041 | _aara | ||
| 050 | 1 | 4 | _aPJ7808.L22 2001 |
| 100 | 3 |
_aأبو لبن، غسان, _eauthor _952095 |
|
| 245 | 0 | 0 | _aلا أرى في سواي: شعر |
| 250 | _aط1 | ||
| 264 | 3 | 1 | _aعكمان: أزمنة للنشر والتوزيع، 2001 |
| 300 | _a123ص | ||
| 336 |
_atext _btxt _2rdacontent |
||
| 337 |
_aunmediated _bn _2rdamedia |
||
| 338 |
_avolume _bnc _2rdacarrier |
||
| 650 | 4 |
_aالادب العربي - الشعر الحديث - القرن 20 _952096 |
|
| 999 |
_aA23056 _c26624 _d26624 |
||